Vzdialený dohľad nad pracovnou plochou

Guardado en:
Detalles Bibliográficos
Autor principal: Mego , Marek, 1988- (Autor)
Otros Autores: Steinmüller, Branislav (Orientador)
Formato: Manuscrito Libro
Lenguaje:eslovaco
Publicado: STU v Bratislave FIIT, 2009
Materias:
Etiquetas: Agregar Etiqueta
Sin Etiquetas, Sea el primero en etiquetar este registro!

MARC

LEADER 00000ntm a22000003a 4500
001 stu199249
005 20180220134440.1
008 100201s2009----xo------------------slo-d
040 |a STU  |b slo 
041 0 |a slo 
044 |a xo 
100 1 |a Mego , Marek,  |d 1988-  |4 aut  |u I200  |U FIIT Fakulta informatiky a informačných technológií  |T FIIT Ústav informatiky a softvérového inžinierstva  |X 36217  |U I200  |Y 179  |7 A000036217 
245 1 |a Vzdialený dohľad nad pracovnou plochou 
260 |b STU v Bratislave FIIT,  |c 2009 
300 |a 49 s  |c príl. 
650 7 |a informatika  |2 stusub 
700 1 |a Steinmüller, Branislav  |4 ths  |u I300  |U FIIT Fakulta informatiky a informačných technológií  |T FIIT Ústav aplikovanej informatiky  |X 1920  |U I300  |Y 180  |7 1920 
996 |c I*BAP215/09  |l II680  |s P  |a 0  |w stu199249_0001